<?xml version="1.0" encoding="UTF-8"?>
<record
    xmlns:xsi="http://www.w3.org/2001/XMLSchema-instance"
    xsi:schemaLocation="http://www.loc.gov/MARC21/slim http://www.loc.gov/standards/marcxml/schema/MARC21slim.xsd"
    xmlns="http://www.loc.gov/MARC21/slim">

  <leader>03275nam0a22004211  4500</leader>
  <controlfield tag="001">rc\79344</controlfield>
  <controlfield tag="005">20260406123117.0</controlfield>
  <datafield tag="010" ind1=" " ind2=" ">
    <subfield code="a">5-88769-001-1</subfield>
    <subfield code="b">&#x412;&#x441;&#x435;&#x43C;&#x438;&#x440;. &#x43B;&#x438;&#x442;.</subfield>
    <subfield code="9">5000</subfield>
  </datafield>
  <datafield tag="035" ind1=" " ind2=" ">
    <subfield code="a">(NLR Aleph) 005349452</subfield>
  </datafield>
  <datafield tag="090" ind1=" " ind2=" ">
    <subfield code="a">6780714</subfield>
    <subfield code="c">6780714</subfield>
  </datafield>
  <datafield tag="100" ind1=" " ind2=" ">
    <subfield code="a">20021216d1995    |||y0rusy50      ca</subfield>
  </datafield>
  <datafield tag="101" ind1="0" ind2=" ">
    <subfield code="a">rus</subfield>
  </datafield>
  <datafield tag="102" ind1=" " ind2=" ">
    <subfield code="a">RU</subfield>
  </datafield>
  <datafield tag="105" ind1=" " ind2=" ">
    <subfield code="a">a   |||||||||</subfield>
  </datafield>
  <datafield tag="200" ind1="1" ind2=" ">
    <subfield code="a">&#x421;&#x43A;&#x430;&#x437;&#x43A;&#x438; &#x434;&#x43B;&#x44F; &#x443;&#x43C;&#x43D;&#x44B;&#x445;</subfield>
    <subfield code="f">&#x412;&#x430;&#x434;&#x438;&#x43C; &#x428;&#x435;&#x444;&#x43D;&#x435;&#x440;</subfield>
  </datafield>
  <datafield tag="210" ind1=" " ind2=" ">
    <subfield code="a">&#x421;&#x41F;&#x431;.</subfield>
    <subfield code="c">&#x425;&#x443;&#x434;&#x43E;&#x436;. &#x43B;&#x438;&#x442;. &#x421;&#x430;&#x43D;&#x43A;&#x442;-&#x41F;&#x435;&#x442;&#x435;&#x440;&#x431;&#x443;&#x440;&#x433;. &#x43E;&#x442;&#x434;-&#x43D;&#x438;&#x435;</subfield>
    <subfield code="c">&#x412;&#x441;&#x435;&#x43C;&#x438;&#x440;. &#x43B;&#x438;&#x442;.</subfield>
    <subfield code="d">1995</subfield>
  </datafield>
  <datafield tag="215" ind1=" " ind2=" ">
    <subfield code="a">588, [2] &#x441;.</subfield>
    <subfield code="c">&#x43F;&#x43E;&#x440;&#x442;&#x440;.</subfield>
    <subfield code="d">21</subfield>
  </datafield>
  <datafield tag="327" ind1="1" ind2=" ">
    <subfield code="a">&#x421;&#x43E;&#x434;&#x435;&#x440;&#x436;.: &#x421;&#x43A;&#x440;&#x43E;&#x43C;&#x43D;&#x44B;&#x439; &#x433;&#x435;&#x43D;&#x438;&#x439;; &#x414;&#x435;&#x432;&#x443;&#x448;&#x43A;&#x430; &#x443; &#x43E;&#x431;&#x440;&#x44B;&#x432;&#x430;, &#x438;&#x43B;&#x438; &#x417;&#x430;&#x43F;&#x438;&#x441;&#x43A;&#x438; &#x41A;&#x43E;&#x432;&#x440;&#x438;&#x433;&#x438;&#x43D;&#x430;; &#x427;&#x435;&#x43B;&#x43E;&#x432;&#x435;&#x43A; &#x441; &#x43F;&#x44F;&#x442;&#x44C;&#x44E; "&#x43D;&#x435;" &#x438;&#x43B;&#x438; &#x418;&#x441;&#x43F;&#x43E;&#x432;&#x435;&#x434;&#x44C; &#x43F;&#x440;&#x43E;&#x441;&#x442;&#x43E;&#x434;&#x443;&#x448;&#x43D;&#x43E;&#x433;&#x43E;; &#x417;&#x430;&#x43F;&#x43E;&#x437;&#x434;&#x430;&#x43B;&#x44B;&#x439; &#x441;&#x442;&#x440;&#x435;&#x43B;&#x43E;&#x43A;, &#x438;&#x43B;&#x438; &#x41A;&#x440;&#x44B;&#x43B;&#x44C;&#x44F; &#x43F;&#x440;&#x43E;&#x432;&#x438;&#x43D;&#x446;&#x438;&#x430;&#x43B;&#x430;; &#x414;&#x432;&#x43E;&#x440;&#x435;&#x446; &#x43D;&#x430; &#x442;&#x440;&#x43E;&#x438;&#x445;, &#x438;&#x43B;&#x438; &#x41F;&#x440;&#x438;&#x437;&#x43D;&#x430;&#x43D;&#x438;&#x44F; &#x445;&#x43E;&#x43B;&#x43E;&#x441;&#x442;&#x44F;&#x43A;&#x430;; &#x41A;&#x440;&#x443;&#x433;&#x43B;&#x430;&#x44F; &#x442;&#x430;&#x439;&#x43D;&#x430;; &#x41A;&#x443;&#x440;&#x444;&#x44E;&#x440;&#x441;&#x442; &#x41A;&#x443;&#x440;&#x43B;&#x44F;&#x43D;&#x434;&#x438;&#x438;; &#x424;&#x438;&#x430;&#x43B;&#x43A;&#x430; &#x41C;&#x43E;&#x43B;&#x447;&#x430;&#x43B;&#x438;&#x432;&#x430;&#x44F;; &#x41A;&#x43E;&#x433;&#x434;&#x430; &#x44F; &#x431;&#x44B;&#x43B; &#x440;&#x443;&#x441;&#x430;&#x43B;&#x43A;&#x43E;&#x439;; &#x414;&#x44F;&#x434;&#x44F; &#x441; &#x431;&#x43E;&#x43B;&#x44C;&#x448;&#x43E;&#x439; &#x431;&#x443;&#x43A;&#x432;&#x44B;, &#x438;&#x43B;&#x438; &#x412;&#x435;&#x43B;&#x438;&#x43A;&#x430;&#x44F; &#x41F;&#x430;&#x443;&#x437;&#x430;; &#x417;&#x430;&#x43F;&#x438;&#x441;&#x43A;&#x438; &#x437;&#x443;&#x431;&#x43E;&#x432;&#x43B;&#x430;&#x434;&#x435;&#x43B;&#x44C;&#x446;&#x430;; &#x41E;&#x442;&#x43C;&#x435;&#x442;&#x430;&#x442;&#x435;&#x43B;&#x44C; &#x43D;&#x435;&#x432;&#x437;&#x433;&#x43E;&#x434;, &#x438;&#x43B;&#x438; &#x421;&#x430;&#x43C;&#x43F;&#x43E; &#x425;&#x425; &#x432;&#x435;&#x43A;&#x430;; &#x420;&#x430;&#x439; &#x43D;&#x430; &#x432;&#x437;&#x440;&#x44B;&#x432;&#x447;&#x430;&#x442;&#x43A;&#x435;</subfield>
  </datafield>
  <datafield tag="464" ind1=" " ind2="0">
    <subfield code="1">2001#$a&#x421;&#x43A;&#x440;&#x43E;&#x43C;&#x43D;&#x44B;&#x439; &#x433;&#x435;&#x43D;&#x438;&#x439;</subfield>
    <subfield code="t">&#x421;&#x43A;&#x440;&#x43E;&#x43C;&#x43D;&#x44B;&#x439; &#x433;&#x435;&#x43D;&#x438;&#x439;</subfield>
  </datafield>
  <datafield tag="464" ind1=" " ind2="0">
    <subfield code="1">2001#$a&#x414;&#x435;&#x432;&#x443;&#x448;&#x43A;&#x430; &#x443; &#x43E;&#x431;&#x440;&#x44B;&#x432;&#x430;, &#x438;&#x43B;&#x438; &#x417;&#x430;&#x43F;&#x438;&#x441;&#x43A;&#x438; &#x41A;&#x43E;&#x432;&#x440;&#x438;&#x433;&#x438;&#x43D;&#x430;</subfield>
    <subfield code="t">&#x414;&#x435;&#x432;&#x443;&#x448;&#x43A;&#x430; &#x443; &#x43E;&#x431;&#x440;&#x44B;&#x432;&#x430;, &#x438;&#x43B;&#x438; &#x417;&#x430;&#x43F;&#x438;&#x441;&#x43A;&#x438; &#x41A;&#x43E;&#x432;&#x440;&#x438;&#x433;&#x438;&#x43D;&#x430;</subfield>
  </datafield>
  <datafield tag="464" ind1=" " ind2="0">
    <subfield code="1">2001#$a&#x427;&#x435;&#x43B;&#x43E;&#x432;&#x435;&#x43A; &#x441; &#x43F;&#x44F;&#x442;&#x44C;&#x44E; "&#x43D;&#x435;" &#x438;&#x43B;&#x438; &#x418;&#x441;&#x43F;&#x43E;&#x432;&#x435;&#x434;&#x44C; &#x43F;&#x440;&#x43E;&#x441;&#x442;&#x43E;&#x434;&#x443;&#x448;&#x43D;&#x43E;&#x433;&#x43E;</subfield>
    <subfield code="t">&#x427;&#x435;&#x43B;&#x43E;&#x432;&#x435;&#x43A; &#x441; &#x43F;&#x44F;&#x442;&#x44C;&#x44E; "&#x43D;&#x435;" &#x438;&#x43B;&#x438; &#x418;&#x441;&#x43F;&#x43E;&#x432;&#x435;&#x434;&#x44C; &#x43F;&#x440;&#x43E;&#x441;&#x442;&#x43E;&#x434;&#x443;&#x448;&#x43D;&#x43E;&#x433;&#x43E;</subfield>
  </datafield>
  <datafield tag="464" ind1=" " ind2="0">
    <subfield code="1">2001#$a&#x417;&#x430;&#x43F;&#x43E;&#x437;&#x434;&#x430;&#x43B;&#x44B;&#x439; &#x441;&#x442;&#x440;&#x435;&#x43B;&#x43E;&#x43A;, &#x438;&#x43B;&#x438; &#x41A;&#x440;&#x44B;&#x43B;&#x44C;&#x44F; &#x43F;&#x440;&#x43E;&#x432;&#x438;&#x43D;&#x446;&#x438;&#x430;&#x43B;&#x430;</subfield>
    <subfield code="t">&#x417;&#x430;&#x43F;&#x43E;&#x437;&#x434;&#x430;&#x43B;&#x44B;&#x439; &#x441;&#x442;&#x440;&#x435;&#x43B;&#x43E;&#x43A;, &#x438;&#x43B;&#x438; &#x41A;&#x440;&#x44B;&#x43B;&#x44C;&#x44F; &#x43F;&#x440;&#x43E;&#x432;&#x438;&#x43D;&#x446;&#x438;&#x430;&#x43B;&#x430;</subfield>
  </datafield>
  <datafield tag="464" ind1=" " ind2="0">
    <subfield code="1">2001#$a&#x414;&#x432;&#x43E;&#x440;&#x435;&#x446; &#x43D;&#x430; &#x442;&#x440;&#x43E;&#x438;&#x445;, &#x438;&#x43B;&#x438; &#x41F;&#x440;&#x438;&#x437;&#x43D;&#x430;&#x43D;&#x438;&#x44F; &#x445;&#x43E;&#x43B;&#x43E;&#x441;&#x442;&#x44F;&#x43A;&#x430;</subfield>
    <subfield code="t">&#x414;&#x432;&#x43E;&#x440;&#x435;&#x446; &#x43D;&#x430; &#x442;&#x440;&#x43E;&#x438;&#x445;, &#x438;&#x43B;&#x438; &#x41F;&#x440;&#x438;&#x437;&#x43D;&#x430;&#x43D;&#x438;&#x44F; &#x445;&#x43E;&#x43B;&#x43E;&#x441;&#x442;&#x44F;&#x43A;&#x430;</subfield>
  </datafield>
  <datafield tag="464" ind1=" " ind2="0">
    <subfield code="1">2001#$a&#x41A;&#x440;&#x443;&#x433;&#x43B;&#x430;&#x44F; &#x442;&#x430;&#x439;&#x43D;&#x430;</subfield>
    <subfield code="t">&#x41A;&#x440;&#x443;&#x433;&#x43B;&#x430;&#x44F; &#x442;&#x430;&#x439;&#x43D;&#x430;</subfield>
  </datafield>
  <datafield tag="464" ind1=" " ind2="0">
    <subfield code="1">2001#$a&#x41A;&#x443;&#x440;&#x444;&#x44E;&#x440;&#x441;&#x442; &#x41A;&#x443;&#x440;&#x43B;&#x44F;&#x43D;&#x434;&#x438;&#x438;</subfield>
    <subfield code="t">&#x41A;&#x443;&#x440;&#x444;&#x44E;&#x440;&#x441;&#x442; &#x41A;&#x443;&#x440;&#x43B;&#x44F;&#x43D;&#x434;&#x438;&#x438;</subfield>
  </datafield>
  <datafield tag="464" ind1=" " ind2="0">
    <subfield code="1">2001#$a&#x424;&#x438;&#x430;&#x43B;&#x43A;&#x430; &#x41C;&#x43E;&#x43B;&#x447;&#x430;&#x43B;&#x438;&#x432;&#x430;&#x44F;</subfield>
    <subfield code="t">&#x424;&#x438;&#x430;&#x43B;&#x43A;&#x430; &#x41C;&#x43E;&#x43B;&#x447;&#x430;&#x43B;&#x438;&#x432;&#x430;&#x44F;</subfield>
  </datafield>
  <datafield tag="464" ind1=" " ind2="0">
    <subfield code="1">2001#$a&#x41A;&#x43E;&#x433;&#x434;&#x430; &#x44F; &#x431;&#x44B;&#x43B; &#x440;&#x443;&#x441;&#x430;&#x43B;&#x43A;&#x43E;&#x439;</subfield>
    <subfield code="t">&#x41A;&#x43E;&#x433;&#x434;&#x430; &#x44F; &#x431;&#x44B;&#x43B; &#x440;&#x443;&#x441;&#x430;&#x43B;&#x43A;&#x43E;&#x439;</subfield>
  </datafield>
  <datafield tag="464" ind1=" " ind2="0">
    <subfield code="1">2001#$a&#x414;&#x44F;&#x434;&#x44F; &#x441; &#x431;&#x43E;&#x43B;&#x44C;&#x448;&#x43E;&#x439; &#x431;&#x443;&#x43A;&#x432;&#x44B;, &#x438;&#x43B;&#x438; &#x412;&#x435;&#x43B;&#x438;&#x43A;&#x430;&#x44F; &#x41F;&#x430;&#x443;&#x437;&#x430;</subfield>
    <subfield code="t">&#x414;&#x44F;&#x434;&#x44F; &#x441; &#x431;&#x43E;&#x43B;&#x44C;&#x448;&#x43E;&#x439; &#x431;&#x443;&#x43A;&#x432;&#x44B;, &#x438;&#x43B;&#x438; &#x412;&#x435;&#x43B;&#x438;&#x43A;&#x430;&#x44F; &#x41F;&#x430;&#x443;&#x437;&#x430;</subfield>
  </datafield>
  <datafield tag="464" ind1=" " ind2="0">
    <subfield code="1">2001#$a&#x417;&#x430;&#x43F;&#x438;&#x441;&#x43A;&#x438; &#x437;&#x443;&#x431;&#x43E;&#x432;&#x43B;&#x430;&#x434;&#x435;&#x43B;&#x44C;&#x446;&#x430;</subfield>
    <subfield code="t">&#x417;&#x430;&#x43F;&#x438;&#x441;&#x43A;&#x438; &#x437;&#x443;&#x431;&#x43E;&#x432;&#x43B;&#x430;&#x434;&#x435;&#x43B;&#x44C;&#x446;&#x430;</subfield>
  </datafield>
  <datafield tag="464" ind1=" " ind2="0">
    <subfield code="1">2001#$a&#x41E;&#x442;&#x43C;&#x435;&#x442;&#x430;&#x442;&#x435;&#x43B;&#x44C; &#x43D;&#x435;&#x432;&#x437;&#x433;&#x43E;&#x434;, &#x438;&#x43B;&#x438; &#x421;&#x430;&#x43C;&#x43F;&#x43E; &#x425;&#x425; &#x432;&#x435;&#x43A;&#x430;</subfield>
    <subfield code="t">&#x41E;&#x442;&#x43C;&#x435;&#x442;&#x430;&#x442;&#x435;&#x43B;&#x44C; &#x43D;&#x435;&#x432;&#x437;&#x433;&#x43E;&#x434;, &#x438;&#x43B;&#x438; &#x421;&#x430;&#x43C;&#x43F;&#x43E; &#x425;&#x425; &#x432;&#x435;&#x43A;&#x430;</subfield>
  </datafield>
  <datafield tag="464" ind1=" " ind2="0">
    <subfield code="1">2001#$a&#x420;&#x430;&#x439; &#x43D;&#x430; &#x432;&#x437;&#x440;&#x44B;&#x432;&#x447;&#x430;&#x442;&#x43A;&#x435;</subfield>
    <subfield code="t">&#x420;&#x430;&#x439; &#x43D;&#x430; &#x432;&#x437;&#x440;&#x44B;&#x432;&#x447;&#x430;&#x442;&#x43A;&#x435;</subfield>
  </datafield>
  <datafield tag="700" ind1=" " ind2="1">
    <subfield code="8">rus</subfield>
    <subfield code="7">ca</subfield>
    <subfield code="a">&#x428;&#x435;&#x444;&#x43D;&#x435;&#x440;</subfield>
    <subfield code="b">&#x412;.&#x421;.</subfield>
    <subfield code="f">1915-2002</subfield>
    <subfield code="g">&#x412;&#x430;&#x434;&#x438;&#x43C; &#x421;&#x435;&#x440;&#x433;&#x435;&#x435;&#x432;&#x438;&#x447;</subfield>
    <subfield code="3">RU\NLR\AUTH\77822</subfield>
    <subfield code="9">110862</subfield>
  </datafield>
  <datafield tag="801" ind1=" " ind2="0">
    <subfield code="a">RU</subfield>
    <subfield code="b">NLR</subfield>
    <subfield code="g">psbo</subfield>
  </datafield>
  <datafield tag="801" ind1=" " ind2="1">
    <subfield code="a">RU</subfield>
    <subfield code="b">ELAR</subfield>
    <subfield code="2">rusmarc</subfield>
  </datafield>
  <datafield tag="852" ind1=" " ind2=" ">
    <subfield code="a">NLR</subfield>
    <subfield code="j">96-3/5392</subfield>
  </datafield>
  <datafield tag="942" ind1=" " ind2=" ">
    <subfield code="c">BOOK</subfield>
  </datafield>
  <datafield tag="980" ind1=" " ind2=" ">
    <subfield code="a">NB</subfield>
  </datafield>
  <datafield tag="995" ind1=" " ind2=" ">
    <subfield code="5">2013-10-26</subfield>
    <subfield code="b">NLR01</subfield>
    <subfield code="c">NLR01</subfield>
    <subfield code="e">RF8</subfield>
    <subfield code="f">5349452-10</subfield>
    <subfield code="k">96-3/5392</subfield>
    <subfield code="o">0</subfield>
    <subfield code="r">BOOK</subfield>
    <subfield code="s">9635392_</subfield>
  </datafield>
</record>
